000 05922cam a22019934i 4500
003 PE-LiUPU
005 20250813165854.0
008 150706s2010 mx a r 000 0 spa d
020 _a9786071503794
035 _a(Sirsi) i9786071503794
040 _aPE-LiUPU
_bspa
_cPE-LiUPU
_erda
049 _aPRUA
082 0 4 _a641.1
_bM42
_221
082 0 4 _a641.1
_bM42 2010
100 1 _aMendoza Martínez, Eduardo,
_eautor.
245 1 0 _aBromatología :
_bcomposición y propiedades de los alimentos /
_cEduardo Mendoza Martínez y María de la Concepción Calvo Carrillo.
264 1 _aMéxico :
_bMcGRAW-HILL Interamericana,
_c2010.
300 _a318 páginas :
_bilustraciones ;
_c27 centímetros
336 _atext
_2rdacontent
337 _aunmediated
_2rdamedia
338 _avolume
_2rdacarrier
504 _aBibliografía : páginas 305-307.
504 _aÍndices: páginas 309-318.
505 0 _aSociedad, cultura e historia en Occidente -- Conozcamos al alimento -- El agua -- Carbohidratos -- Proteínas -- Enzimas -- Lípidos -- El color: pigmentos y colorantes -- Aroma y sabor -- Sistemas de dispersión -- Leche -- Productos lácteos -- Huevo -- Carne -- Productos cárnicos -- Pescados y mariscos -- Frutas y hortalizas -- Frutos secos y semillas -- Productos elaborados con frutas -- Cereales -- Leguminosas -- Grasas y aceites -- Especias -- Bebidas.
526 _aP203
526 _aP200
526 _aSEG65
526 _aSEG64
526 _aSEG63
526 _aSEG62
526 _aSEG61
526 _aSEG60
526 _aSEG59
526 _aSEG58
526 _aSEG57
526 _aSEG56
526 _aSEG55
526 _aSEG54
526 _aSEG53
526 _aSEG52
526 _aSEG51
526 _aSEG50
526 _aSEG49
526 _aSEG48
526 _aSEG47
526 _aSEG46
526 _aSEG24
526 _aSEG23
526 _aSEG22
526 _aSEG21
526 _aSEG20
526 _aSEG19
526 _aSEG18
526 _aSEG17
526 _aSEG16
526 _aSEG14
526 _aSEG13
526 _aSEG12
526 _aSEG11
526 _aSEG10
526 _aSEG09
526 _aSEG06
526 _aSEG05
526 _aSEG04
526 _aSEG03
526 _aSEG02
526 _aSEG68
526 _aSEG66
526 _aSEG45
526 _aSEG25
526 _aSEG01
526 _aP163
526 _aP162
526 _aP161
526 _aP160
526 _aP159
526 _aP158
526 _aP157
526 _aP156
526 _aP155
526 _aP154
526 _aP153
526 _aP152
526 _aP151
526 _aP150
526 _aP149
526 _aP142
526 _aP141
526 _aP140
526 _aP139
526 _aP138
526 _aP137
526 _aP132
526 _aP131
526 _aP130
526 _aP126
526 _aP125
526 _aP124
526 _aP123
526 _aP115
526 _aP122
526 _aP121
526 _aP116
526 _a P114
526 _aP112
526 _aP111
526 _aP104
526 _aP103
526 _aP102
526 _aP101
526 _aP100
526 _aP96
526 _aP95
526 _aP93
526 _aP92
526 _aP91
526 _aP88
526 _aP83
526 _aP82
526 _aP79
526 _aP78
526 _aP75
526 _aP74
526 _aP71
526 _aP69
526 _a P51
526 _aP49
526 _aP48
526 _aP47
526 _aP33
526 _aP31
526 _a P30
526 _aP29
526 _aP27
526 _aP26
526 _aP25
526 _aP24
526 _a P22
526 _aP10
526 _aP09
526 _a P08
526 _aP06
526 _aP05
526 _aP04
526 _aP01
526 8 _iPrograma cadémico :
_5PE-LiUPU
541 _g001-0035682;
541 _g001-040342;
541 _g0001-0042196;
650 0 4 _aAlimentos
_xComposición.
650 0 4 _aFoods
_xComposition.
650 0 4 _aNutrición.
_9394
650 0 4 _aNutrition.
700 1 _aCalvo Carrillo, María de la concepción,
_eautor.
910 _agl
_bjv
_clch
_d20120815
910 _ctqv
_d20170417
910 _adbm
_bksl
_cksl
_d20171023
942 _2ddc
_cBOOK
949 _a641.1 M42
_wDEWEY
_c1
_i65226
_lCCODEBUL1
_mBUL
_p42.00
_r0
_sY
_tBOOK
_u2015-7-6
_xINGENIERIA
_PP26
_o.STAFF. Colección General
949 _a641.1 M42 2010
_wDEWEY
_c1
_iFJ07589
_lCCODEBUJ1
_mBUJ
_p42.00
_r0
_sY
_tBOOK
_u2017-04-17
_xFIA
_PP26
_0COMPRA
_o.STAFF. Colección General Juliaca
994 _aC0
_bPEPRU
596 _a1 3
999 _a641.1 M42
_wDEWEY
_c53833
_i65226
_d53833
_e2017-9-20
_f2021-11-4
_g5
_lCCODEBUL1
_mBUL
_n7
_p42.00
_q2
_r0
_sY
_tBOOK
_u2015-7-6
_xSALUD
_PP26
_0COMPRA
_o.STAFF. Colección General
999 _a641.1 M42
_wDEWEY
_c2
_i72258
_d2019-9-1
_e2019-8-22
_f2021-11-4
_g5
_lCCODEBUL1
_mBUL
_n6
_p47.14
_q3
_r0
_sY
_tBOOK
_u2016-1-7
_xSALUD
_PP31
_0COMPRA
_o.STAFF. Colección Ciencias de la Salud
999 _a641.1 M42
_wDEWEY
_c3
_i72259
_d2019-6-6
_e2019-5-31
_f2021-11-4
_g5
_lCCODEBUL1
_mBUL
_n12
_p47.14
_q5
_r0
_sY
_tBOOK
_u2016-1-7
_xSALUD
_PP31
_0COMPRA
_o.STAFF. Colección Ciencias de la Salud
999 _a641.1 M42
_wDEWEY
_c4
_i76865
_d2022-6-15
_e2019-8-22
_f2021-11-4
_g4
_lCCODEBUL1
_mBUL
_n1
_p63.17
_q6
_r0
_sY
_tBOOK
_u2017-10-23
_xSALUD
_zNUTRICION
999 _a641.1 M42 2010
_wDEWEY
_c1
_iFJ07589
_d2019-9-30
_e2019-9-29
_f2022-1-26
_g4
_lCCODEBUJ1
_mBUJ
_n7
_p42.00
_q5
_r0
_sY
_tBOOK
_u2017-4-17
_xINGENIERIA
_PP26
_0COMPRA
_o.STAFF. Colección General Juliaca
980 _81
_gALBERTO SANCHEZ Responsable de Automatización